[Event "URS-ch otbor56"]
[Site "Blagoveshchensk"]
[Date "1988.??.??"]
[Round "?"]
[White "Lputian, Smbat G"]
[Black "Zilberstein, Valery I"]
[Result "1/2-1/2"]
[WhiteElo "2540"]
[BlackElo "2350"]

1.Nf3 Nf6 2.c4 c5 3.Nc3 d5 4.cxd5 Nxd5 5.d4 Nxc3 6.bxc3 g6 7.e4 Bg7 8.Rb1 O-O
9.Be2 b6 10.O-O Bb7 11.Qd3 Ba6 12.Qe3 cxd4 13.cxd4 Qd7 14.Rd1 Qa4 15.Bd2 Bxe2
16.Qxe2 Rc8 17.e5 Na6 18.e6 f6 19.d5 Qc4 20.Qxc4 Rxc4 21.Rbc1 Rxc1 22.Rxc1 Rd8
23.Nd4 Bf8 24.Be3 Rxd5 25.Rc8 Kg7 26.h4 h5 27.Ra8 Nc5 28.Rxa7 Rd6 29.g3 Nxe6
30.Nxe6+ Rxe6 31.Ra6 Kf7 32.a4 Rd6 33.Bxb6 e5 34.a5 Rc6 35.Ra7+ Ke6 36.Rb7 Bc5
37.Bxc5 Rxc5 38.a6 Ra5 39.a7 Kf5 40.f3 Ra2 41.Kf1  1/2-1/2

[Event "Borzhomi"]
[Site "Borzhomi"]
[Date "1988.??.??"]
[Round "?"]
[White "Janjgava, Lasha"]
[Black "Ulibin, Mikhail"]
[Result "1-0"]
[WhiteElo "2470"]
[BlackElo "2390"]

1.Nf3 Nf6 2.c4 c5 3.Nc3 e6 4.g3 b6 5.Bg2 Bb7 6.O-O Be7 7.d4 cxd4 8.Qxd4 d6
9.b3 Nbd7 10.Rd1 a6 11.e4 Qb8 12.Bb2 O-O 13.Nd2 Rd8 14.Qe3 Bc6 15.a4 Nc5
16.Qe2 Ne8 17.b4 Nd7 18.Nb3 a5 19.bxa5 bxa5 20.Nb5 Bf6 21.Bxf6 Ndxf6 22.e5 Bxg2
23.Kxg2 dxe5 24.Rxd8 Qxd8 25.Qxe5 Qd3 26.Qc3 Qxc3 27.Nxc3 Kf8 28.Nb5 Ke7
29.Rd1 Nd7 30.c5 Nb8 31.N3d4 Nf6 32.c6 Nd5 33.Rc1 Na6 34.f4 Nac7 35.Kf3 Nxb5
36.Nxb5 Rc8 37.Rc5 Nb4 38.Nd4 Ra8 39.Rb5 Kd6 40.Rb7 Nxc6 41.Nxc6 Kxc6 42.Rxf7 Rg8
43.Ke4 Kc5 44.Rb7 Kc4 45.Ke5 g5 46.Rxh7 Kb3 47.Kxe6 gxf4 48.gxf4 Re8+ 49.Kf7 Rb8
50.f5 Kxa4 51.f6 Kb3 52.Kg7 a4 53.f7  1-0

[Event "US op"]
[Site "Boston"]
[Date "1988.??.??"]
[Round "?"]
[White "Puri, Vinny"]
[Black "Peters, John A"]
[Result "1-0"]
[WhiteElo "2285"]
[BlackElo "2495"]

1.c4 Nf6 2.Nc3 c5 3.Nf3 d5 4.cxd5 Nxd5 5.d4 e6 6.e4 Nxc3 7.bxc3 cxd4 8.cxd4 Nc6
9.Be2 Bb4+ 10.Bd2 Bxd2+ 11.Qxd2 O-O 12.O-O Qe7 13.Rfd1 b6 14.d5 exd5 15.exd5 Rd8
16.d6 Qf6 17.Rac1 Bd7 18.Ba6 Na5 19.Qd4 Qxd4 20.Rxd4 Bc8 21.Bd3 Be6 22.Ng5 Bxa2
23.Bxh7+ Kf8 24.Rc7 f6 25.Nh3 Bf7 26.Nf4 Nc4 27.Rdxc4 g5 28.Rxf7+ Kxf7 29.Rc7+  1-0

[Event "JUG-chT (Women)"]
[Site "Brezovica"]
[Date "1988.??.??"]
[Round "?"]
[White "Maric, Alisa"]
[Black "Petrovic, D."]
[Result "1/2-1/2"]
[WhiteElo "2345"]
[BlackElo "2225"]

1.Nf3 Nf6 2.c4 g6 3.Nc3 c5 4.g3 Nc6 5.Bg2 Bg7 6.O-O O-O 7.d4 cxd4 8.Nxd4 Nxd4
9.Qxd4 d6 10.Qd3 Qa5 11.h3 Rb8 12.Bd2 a6 13.Rfd1 Qh5 14.g4 Qc5 15.Rac1 Re8
16.Na4 Qc7 17.Be3 Bd7 18.Bb6 Qc8 19.Nc3 Bc6 20.Nd5 Qd7 21.e4 Rbc8 22.b4 Bxd5
23.exd5 Bh6 24.Rb1 Qa4 25.Qb3 Qd7 26.c5 Bf4 27.Qc4 g5 28.c6 bxc6 29.dxc6 Qe6
30.Qxe6 fxe6 31.a4 d5 32.b5 Ra8 33.Bc5 axb5 34.axb5 Kf7 35.Ra1 Rab8 36.Rdb1 Rbc8
37.Ra7 h6 38.Be3 Bb8 39.Rb7 e5 40.Bb6 Bd6 41.Re1 Ke6 42.Rc1 Rf8 43.Bc5 Bxc5
44.Rxc5 Kd6 45.Rc1 Rc7 46.Rxc7 Kxc7 47.Ra1 Kb6 48.Bf1 Rc8 49.Ra6+ Kc5 50.Ra7 Kd6
51.f3 Rc7 52.Ra8 Kc5 53.Rb8 e4 54.Kf2 exf3 55.Kxf3 Ne4 56.Rb7 Kd6 57.Rb8 Kc5
58.Rb7 Rc8 59.Rxe7 Nd2+ 60.Kg2 Nxf1  1/2-1/2

[Event "Budapest"]
[Site "Budapest"]
[Date "1988.??.??"]
[Round "?"]
[White "Hoelzl, Franz"]
[Black "Wahls, Matthias"]
[Result "0-1"]
[WhiteElo "2370"]
[BlackElo "2440"]

1.c4 Nf6 2.Nc3 c5 3.Nf3 e6 4.g3 b6 5.Bg2 Bb7 6.O-O d6 7.d4 cxd4 8.Qxd4 a6
9.Rd1 Be7 10.b3 Nbd7 11.Qe3 O-O 12.Nd4 Bxg2 13.Kxg2 Rc8 14.f4 g6 15.Bb2 Re8
16.Qf3 Bf8 17.e3 Rc7 18.g4 h6 19.Rd2 Qc8 20.Rad1 b5 21.Ndxb5 axb5 22.Nxb5 d5
23.Nxc7 Qxc7 24.Rc2 Qa5 25.Bc3 Qa8 26.cxd5 Nxd5 27.Bd4 e5 28.Ba7 N7f6 29.fxe5 Qxa7
30.Rxd5 Nxd5 31.Qxd5 Qxe3 32.Rc6 Qg5  0-1

[Event "Budapest"]
[Site "Budapest"]
[Date "1988.??.??"]
[Round "?"]
[White "Vegh, Endre"]
[Black "Zsinka, Laszlo"]
[Result "1/2-1/2"]
[WhiteElo "2395"]
[BlackElo "2430"]

1.c4 c5 2.Nf3 Nf6 3.Nc3 e6 4.g3 b6 5.Bg2 Bb7 6.O-O d6 7.d4 cxd4 8.Qxd4 Be7
9.Rd1 a6 10.Ng5 Bxg2  1/2-1/2

[Event "Noviki"]
[Site "Budapest"]
[Date "1988.??.??"]
[Round "?"]
[White "Mikhalchishin, Adrian"]
[Black "Szalanczy, Emil"]
[Result "1/2-1/2"]
[WhiteElo "2480"]
[BlackElo "2400"]

1.Nf3 c5 2.c4 Nf6 3.Nc3 g6 4.d4 Bg7 5.g3 O-O 6.Bg2 cxd4 7.Nxd4 Nc6 8.O-O Ng4
9.e3 d6 10.b3 Nxd4 11.exd4 Nh6 12.Bb2 Nf5 13.Nd5 Bd7 14.Qd2 Bc6 15.Rad1 e6
16.Ne3  1/2-1/2

[Event "ARG-ch"]
[Site "Buenos Aires"]
[Date "1988.??.??"]
[Round "?"]
[White "Ricardi, Pablo"]
[Black "Garbarino, Rodolfo"]
[Result "1/2-1/2"]
[WhiteElo "2415"]
[BlackElo "2330"]

1.Nf3 Nf6 2.c4 c5 3.Nc3 g6 4.g3 Bg7 5.Bg2 O-O 6.O-O Nc6 7.d4 cxd4 8.Nxd4 Nxd4
9.Qxd4 d6 10.Bg5 Be6 11.Qh4 Qa5 12.Rac1 Rac8 13.b3 Rc5 14.Nd5 Bxd5 15.cxd5 Rxc1
16.Rxc1 Qxa2 17.Qc4 a6 18.h3 h6 19.Be3 b5 20.Qd3 Rd8 21.Bd4 Nd7 22.Bxg7 Kxg7
23.Qc3+ Nf6 24.Ra1 Qxe2 25.Re1 Qa2 26.Ra1 Qe2 27.Re1 Qa2 28.Rxe7 Qb1+ 29.Kh2 Qf5
30.Qd4 h5 31.b4 Kg8 32.Qb6 Rd7 33.Rxd7 Qxd7 34.Qxa6 Kg7 35.Qb6 Kg8 36.Qd4 Kg7
37.Be4 Qe8 38.Bd3 Qb8 39.Kg2 Qe8 40.f4 Qd7 41.Be2 Qf5 42.Bf3 Qc2+ 43.Kg1 Qb1+  1/2-1/2

[Event "Buenos Aires"]
[Site "Buenos Aires"]
[Date "1988.??.??"]
[Round "?"]
[White "Panno, Oscar"]
[Black "Valiente, Cristobal"]
[Result "1/2-1/2"]
[WhiteElo "2515"]
[BlackElo "2320"]

1.Nf3 c5 2.c4 Nf6 3.Nc3 e6 4.g3 b6 5.Bg2 Bb7 6.O-O Be7 7.Re1 a6 8.e4 d6 9.d4 cxd4
10.Nxd4 Qc7 11.Be3 O-O 12.Rc1 Nbd7 13.f4 Rad8 14.Bf2 g6 15.Qe2 Rfe8 16.b4 Bf8
17.e5 dxe5 18.fxe5 Bxg2 19.Kxg2 Nh5 20.a3 Bh6 21.Rc2 Rc8 22.Nb1 Qb7+ 23.Qe4 Qxe4+
24.Rxe4 f6 25.Nf3 fxe5 26.Nbd2 Rc6 27.Re2 Bg7 28.Ne4 Rec8 29.c5 bxc5 30.Nxc5 Nhf6
31.Rcd2 Nxc5 32.Bxc5 Nd5 33.Nxe5 Bxe5 34.Rxe5 a5 35.Rde2 axb4 36.axb4 Rb8
37.Rxe6 Rxe6 38.Rxe6 Nxb4 39.Re7 Rb5 40.Rc7 Nd5 41.Rc8+ Kf7  1/2-1/2

[Event "BUL-ch"]
[Site "BUL"]
[Date "1988.??.??"]
[Round "?"]
[White "Radulov, Ivan"]
[Black "Ninov, Kiril"]
[Result "1/2-1/2"]
[WhiteElo "2435"]
[BlackElo "2495"]

1.c4 Nf6 2.Nc3 c5 3.Nf3 e6 4.e4 Nc6 5.d4 cxd4 6.Nxd4 Bb4 7.Nxc6 bxc6 8.Bd3 Qc7
9.O-O Be7 10.b3 O-O 11.Qe2 d6 12.Ba3 Nd7 13.Rac1 c5 14.Bb2 Bb7 15.f4 a6 16.e5 g6
17.exd6 Bxd6 18.Be4 Nf6 19.Bxb7 Qxb7 20.Rce1 Rfd8 21.Na4 Be7 22.Rf3 Rd7 23.Qe5 Rad8
24.Nc3 Qc7 25.Qxc7 Rxc7 26.Re2 h5 27.g3 Rcd7 28.Kg2 Kf8 29.Na4 Rc7 30.h3 Ne8
31.Rff2 Bf6 32.Ba3 Bd4 33.Rd2 Nd6 34.Rfe2 Ke8 35.Kf3 Nb7 36.Rd3 Rcd7 37.Red2 Bg1
38.Nb2 Rxd3+ 39.Nxd3 Bd4 40.Ke2 Bc3 41.Rd1  1/2-1/2

[Event "Calcutta"]
[Site "Calcutta"]
[Date "1988.??.??"]
[Round "?"]
[White "Mitra, Swapan"]
[Black "Murugan, Krishnamoorthy"]
[Result "1/2-1/2"]
[WhiteElo "2280"]
[BlackElo "2325"]

1.Nf3 c5 2.c4 Nf6 3.Nc3 g6 4.g3 Bg7 5.Bg2 Nc6 6.O-O O-O 7.d4 cxd4 8.Nxd4 Ng4
9.e3 d6 10.Nxc6 bxc6 11.Bxc6 Rb8 12.Bg2 Ne5 13.Qa4 Qd7 14.Qc2 Nxc4 15.b3 Ne5
16.Bb2 Ba6 17.Rfd1 Rfe8 18.Rac1 Red8 19.Qe4 Bb7 20.Qa4 Nf3+ 21.Bxf3 Bxf3
22.Qxd7 Rxd7 23.Rd3 f5 24.Na4 e5 25.Kf1 Rbd8 26.Ke1 Kf7 27.Rdc3 g5 28.Rc8 Rxc8
29.Rxc8 Bf6 30.Ba3 Bb7 31.Rc1 Ke6 32.Bb4 Bd8 33.Rd1 Bc7 34.Rc1 h5 35.Nb2 h4
36.Nc4 hxg3 37.hxg3 Rh7 38.Kd2 g4 39.Ba5 Bb8 40.Na3 Rh2 41.Ke1 f4 42.exf4 exf4
43.gxf4 Bf3 44.Nb5 d5 45.Bc7 Bxc7 46.Rxc7 Kf5 47.Rxa7 Ke4 48.Re7+ Kxf4 49.Nc3 Rh1+
50.Kd2 Rf1 51.Ne2+ Kg5 52.Ke3 Ra1 53.a4 Rb1 54.Re5+ Kf6 55.Kf4 Rxb3 56.Rf5+ Kg6
57.Nd4 Rb4 58.Ke5 Rxd4 59.Rxf3 Rxa4 60.Rg3 Kh5 61.f3 gxf3  1/2-1/2

[Event "Midwest Masters op"]
[Site "Chicago"]
[Date "1988.??.??"]
[Round "3"]
[White "Lindsay, Fred"]
[Black "Pelts, Peter"]
[Result "1/2-1/2"]
[WhiteElo "2250"]
[BlackElo "2245"]

1.c4 c5 2.Nf3 Nf6 3.Nc3 e6 4.g3 b6 5.Bg2 Bb7 6.O-O Be7 7.b3 d5 8.cxd5 Nxd5
9.Bb2 Bf6 10.Qc2 O-O 11.Rfd1 Nc6 12.Rac1 Nxc3 13.Bxc3 Bxc3 14.Qxc3 Qe7 15.d4 Nxd4
16.Nxd4 Bxg2 17.Kxg2 cxd4 18.Rxd4 Qb7+ 19.Qf3 Qxf3+ 20.Kxf3 g6 21.Rd7 Rfd8
22.Re7 Re8 23.Rxe8+ Rxe8 24.Rc7 Ra8 25.e4 Kg7 26.e5 g5 27.a4 Rd8 28.Ke2 Rd4
29.Rxa7 Rb4 30.Rb7 Rxb3 31.a5 b5 32.g4 b4 33.a6 Ra3 34.a7 Kg6 35.f3 h6 36.Re7 Kg7  1/2-1/2

[Event "Copenhagen op"]
[Site "Copenhagen"]
[Date "1988.??.??"]
[Round "?"]
[White "Hartung Nielsen, Jens"]
[Black "Schandorff, Lars"]
[Result "0-1"]
[WhiteElo "2270"]
[BlackElo "2400"]

1.c4 Nf6 2.Nc3 c5 3.Nf3 e6 4.g3 b6 5.Bg2 Bb7 6.O-O a6 7.Re1 d6 8.e4 Nbd7
9.d3 Qc7 10.Nh4 g6 11.f4 Bg7 12.Bd2 O-O 13.g4 h6 14.h3 Nh7 15.Rf1 b5 16.Rb1 bxc4
17.dxc4 Bd4+ 18.Kh1 g5 19.Nf3 Bxc3 20.bxc3 Bxe4 21.Rc1 Rab8 22.fxg5 hxg5
23.Qe2 Bxf3 24.Bxf3 Ne5 25.Be4 Qe7 26.Rb1 Nf6 27.Bc2 Nfd7 28.h4 f6 29.hxg5 fxg5
30.Kg2 Rxb1 31.Rxb1 Qf6 32.Rb7 Rf7 33.Ba4 Nf8 34.Rxf7 Nxf7 35.Be8 Ng6 36.Qe4 Nh4+
37.Kg3 Ng6 38.Bxf7+ Kxf7 39.Qb7+ Kg8 40.Qxa6 Qe5+ 41.Kh3 Qh8+ 42.Kg2 Nh4+
43.Kg3 Qe5+ 44.Kh3 Qf6 45.Qa8+ Kg7 46.Qb7+ Kh6 47.Qe4 Qf3+ 48.Qxf3 Nxf3 49.Bc1 Ne5
50.Kg3 Kg6 51.a4 Nxc4 52.Kf2 Kf6 53.Ke2 d5 54.Kf3 e5  0-1

[Event "Copenhagen AS04"]
[Site "Copenhagen"]
[Date "1988.??.??"]
[Round "?"]
[White "Kristiansen, Jens"]
[Black "Hansen, Lars Bo"]
[Result "1/2-1/2"]
[WhiteElo "2415"]
[BlackElo "2455"]

1.c4 Nf6 2.Nc3 e6 3.Nf3 c5 4.g3 b6 5.Bg2 Bb7 6.O-O a6 7.Re1 Be7 8.e4 d6 9.d4 cxd4
10.Nxd4 Qc7 11.Be3 Nbd7 12.Rc1 O-O 13.h3 Rac8 14.b3 Qb8 15.f4 Qa8 16.Bf2 Rfe8
17.g4 Nc5 18.Qf3 g5 19.fxg5 Nfd7 20.Qe3 Ne5 21.Rcd1 Ncd7 22.Nf3 Nxf3+ 23.Bxf3 Rc5
24.h4 Bf8 25.Qe2 Rc6 26.Bd4 Ne5 27.Rd2 Bg7 28.Bg2 Qb8 29.Nd1 Bc8 30.Nf2 b5
31.cxb5 axb5 32.Nd3 Nf3+ 33.Qxf3 Bxd4+ 34.Kh1 Rc3 35.Rc1 b4 36.Rf1 Re7 37.Qd1 Be3
38.Re2 Qb6 39.Rf3 Bd4 40.Nf4 Ba6 41.Rd2 Rec7 42.Ne2 Rxf3 43.Bxf3 Be5 44.Qg1 Qb7
45.Qe3 Rc5 46.Kg2 Qc7 47.Rd1 Rc2 48.Rd2 Rxd2 49.Qxd2 Qc5 50.Qd1 Qe3 51.Qc1 Qxc1
52.Nxc1 Bb2 53.Ne2 Bd3 54.Nf4 Bb1 55.Nh5 Kf8 56.Nf6 h6 57.h5 Bd3 58.Nd7+ Ke8
59.Nb6 hxg5 60.Nc4 Be5 61.Kf2 Bb1 62.a3 Bd4+ 63.Ke2 bxa3 64.Nxa3 Ba2 65.Nc2 Bg7
66.b4 Kd7 67.Ke3 Bb3 68.Nd4 Ba4 69.Be2 Kd8 70.Bc4 Bf8 71.b5 Kc8 72.Bb3 Bxb3
73.Nxb3 Kc7 74.Nd4 Bg7 75.Kd3 Bh6 76.Kc4 Bg7 77.Nc6 Bf8 78.Nd4 Bg7 79.Nf3 Bh6
80.e5 dxe5 81.Nxe5 f5 82.Kd3  1/2-1/2

[Event "CUB-ch"]
[Site "?"]
[Date "1988.??.??"]
[Round "?"]
[White "Nogueiras, Jesus"]
[Black "Estevez, Guillermo"]
[Result "1-0"]
[WhiteElo "2550"]
[BlackElo "2310"]

1.Nf3 Nf6 2.c4 c5 3.Nc3 g6 4.d4 Bg7 5.g3 O-O 6.Bg2 Nc6 7.O-O cxd4 8.Nxd4 Nxd4
9.Qxd4 d6 10.Qd3 Qa5 11.h3 Be6 12.Nb5 Nd7 13.Bd2 Qb6 14.Be3 Qa5 15.Bd2 Qb6
16.Be3 Qa5 17.Nd4 Ne5 18.Qb3 Bxc4 19.Qxb7 Rab8 20.Qxe7 Bd5 21.Nb3 Qb5 22.Nd4 Qa5
23.Nb3 Qb5 24.Bxd5 Qxd5 25.Rad1 Qb5 26.Rfe1 Nc4 27.Bd4 Rfe8 28.Qh4 Nxb2 29.Rb1 Bxd4
30.Qxd4 Na4 31.Nd2 Qc6  1-0

[Event "CUB-ch"]
[Site "?"]
[Date "1988.??.??"]
[Round "?"]
[White "Nogueiras, Jesus"]
[Black "Rodriguez, Amador"]
[Result "1/2-1/2"]
[WhiteElo "2550"]
[BlackElo "2550"]

1.c4 Nf6 2.Nc3 c5 3.Nf3 e6 4.g3 Nc6 5.Bg2 d5 6.cxd5 Nxd5 7.O-O Be7 8.d4 O-O
9.dxc5 Bxc5 10.Qc2 Nxc3 11.bxc3 h6 12.Qe4 Qe7 13.Nd4 Bd7 14.Nb3 Bd6 15.Rd1  1/2-1/2

[Event "CUB-ch"]
[Site "?"]
[Date "1988.??.??"]
[Round "?"]
[White "Ortega, Lexy"]
[Black "Rodriguez, Amador"]
[Result "1/2-1/2"]
[WhiteElo "2380"]
[BlackElo "2550"]

1.c4 Nf6 2.Nc3 c5 3.Nf3 e6 4.g3 b6 5.Bg2 Bb7 6.O-O Be7 7.b3 O-O 8.Bb2 d5
9.cxd5 Nxd5 10.d4 Nd7 11.Rc1 Rc8  1/2-1/2

[Event "Debrecen"]
[Site "Debrecen"]
[Date "1988.??.??"]
[Round "?"]
[White "Uhlmann, Wolfgang"]
[Black "Szalanczy, Emil"]
[Result "1/2-1/2"]
[WhiteElo "2505"]
[BlackElo "2420"]

1.c4 Nf6 2.Nc3 c5 3.Nf3 g6 4.g3 Bg7 5.d4 cxd4 6.Nxd4 O-O 7.Bg2 Nc6 8.O-O Ng4
9.Nc2 d6 10.Bd2 Bd7 11.h3 Nh6 12.Qc1 Nf5 13.Rd1 Qb8 14.e4 Nfd4 15.Nxd4 Bxd4
16.Bh6 Re8 17.Nd5 Bh8 18.Rb1 Qc8 19.Kh2 Ne5 20.b3 Bc6 21.Qe3 Bxd5 22.cxd5 Qc2
23.Rbc1 Qxa2 24.Rc7 f6 25.Bf4 Rab8 26.Rdc1 Bg7 27.Bf1 Qa5 28.Kg2 Nf7 29.Qd3 b5
30.Be3 a6 31.Qc2 Ne5 32.Bd4 Nc4 33.Rc6 Na3 34.Qb2 b4 35.Rxa6 Qd8 36.Rcc6 Nb5
37.Bb6 f5 38.Qc2 Nd4 39.Bxd8 Nxc2 40.Bc7 Ne1+ 41.Kh1 Ra8 42.exf5 gxf5 43.Bb6 Bc3
44.f4 Kf7 45.Bf2 Rxa6 46.Bxa6 Ra8 47.g4  1/2-1/2

[Event "Debrecen"]
[Site "Debrecen"]
[Date "1988.??.??"]
[Round "?"]
[White "Gavrikov, Viktor"]
[Black "Tolnai, Tibor"]
[Result "0-1"]
[WhiteElo "2545"]
[BlackElo "2465"]

1.Nf3 Nf6 2.c4 e6 3.Nc3 c5 4.g3 b6 5.Bg2 Bb7 6.O-O a6 7.d4 cxd4 8.Qxd4 d6
9.b3 Nbd7 10.e4 Qc7 11.Ne1 Be7 12.Bb2 O-O 13.Nd3 Rfe8 14.h3 Bf8 15.Rac1 Rad8
16.Qe3 Qb8 17.Rfd1 Qa8 18.Qf4 h6 19.Rd2 Ne5 20.Re1 Ng6 21.Qf3 Nd7 22.Qd1 Nc5
23.f4 Ne7 24.Kh2 Qb8 25.Qc2 Ba8 26.b4 Nxd3 27.Qxd3 Qc7 28.Rc1 Bb7 29.a3 Qb8
30.Rcd1 Ba8 31.Qe2 Ng6 32.h4 Be7 33.h5 Nf8 34.Na4 Qc7 35.Qg4 e5 36.c5 bxc5
37.bxc5 Ne6 38.cxd6 Bxd6 39.f5 Ng5 40.Nc3 Bf8 41.Qe2 Rxd2 42.Qxd2 Rb8 43.Nd5 Bxd5
44.exd5 Rb3 45.d6 Qxd6 46.Qxd6 Bxd6 47.Rxd6 Rxb2 48.g4 e4 49.Rxa6 e3 50.Ra8+ Kh7
51.Re8 e2 52.Kg3 Ne6 53.Kf2 Nf4 54.Be4 f6 55.Rd8 e1=Q+ 56.Kxe1 Re2+ 57.Kf1 Rxe4
58.Kf2 Nh3+  0-1

[Event "Debrecen"]
[Site "Debrecen"]
[Date "1988.??.??"]
[Round "?"]
[White "Uhlmann, Wolfgang"]
[Black "Schneider, Attila"]
[Result "1-0"]
[WhiteElo "2505"]
[BlackElo "2420"]

1.c4 Nf6 2.Nc3 e6 3.Nf3 c5 4.g3 b6 5.Bg2 Bb7 6.d4 cxd4 7.Qxd4 d6 8.O-O Be7
9.e4 Nbd7 10.Qe3 a6 11.Nd4 Qc7 12.b3 O-O 13.Bb2 Rfe8 14.Rfe1 Rad8 15.Re2 Bf8
16.Qd2 Qb8 17.Rd1 Qa8 18.Qe1 Qa7 19.Kh1 Ba8 20.f3 Qc7 21.g4 h6 22.Qg3 g5
23.Nc2 Ne5 24.Red2 Ng6 25.Ne2 Nd7 26.Ne3 Nde5 27.f4 gxf4 28.Nxf4 Nxf4 29.Qxf4 Bg7
30.Qg3 Qc5 31.Bd4 Qc7 32.g5 hxg5 33.Qxg5 f6 34.Qh5 Bc6 35.Ng4 Re7 36.Nxe5 fxe5
37.Be3 Rf7 38.Qg4 Kf8 39.Qxe6 Rf6 40.Qg4  1-0

[Event "Delmenhorst"]
[Site "Delmenhorst"]
[Date "1988.??.??"]
[Round "?"]
[White "Rakic, Tomislav"]
[Black "Deze, Anton"]
[Result "1/2-1/2"]
[WhiteElo "2380"]
[BlackElo "2395"]

1.Nf3 c5 2.c4 Nf6 3.Nc3 b6 4.g3 Bb7 5.Bg2 g6 6.O-O Bg7 7.d4 cxd4 8.Qxd4 d6
9.Bg5 Nbd7 10.Rac1 h6 11.Be3 Rc8  1/2-1/2

[Event "DEN-ch"]
[Site "?"]
[Date "1988.??.??"]
[Round "2"]
[White "Danielsen, Henrik"]
[Black "Hansen, Lars Bo"]
[Result "0-1"]
[WhiteElo "2400"]
[BlackElo "2365"]

1.Nf3 Nf6 2.c4 c5 3.Nc3 d5 4.cxd5 Nxd5 5.e3 e6 6.d4 cxd4 7.exd4 Be7 8.Bd3 Nc6
9.O-O O-O 10.Re1 Bf6 11.Be4 Nce7 12.Qc2 g6 13.Qb3 Qb6 14.Bxd5 Nxd5 15.Nxd5 exd5
16.Qxb6 axb6 17.Bh6 Rd8 18.Bg5 Bxg5 19.Nxg5 Ra4 20.Re7 Rxd4 21.h3 Rf4 22.Rae1 Bd7
23.g3 Rf6 24.Rd1 Bc6 25.Ne4 Re6 26.Rxe6 fxe6 27.f4 Ra8 28.Nc3 Kf7 29.Kf2 Kf6
30.Ke3 g5 31.fxg5+ Kxg5 32.Kd4 Kf6 33.Rf1+ Ke7 34.g4 Rg8 35.b4 h5 36.gxh5 Rh8
37.b5 Bd7 38.Rg1 Rxh5 39.Rg3 Kd6 40.Kd3 e5 41.Rg6+ Be6 42.Na4 Rxh3+ 43.Kc2 d4
44.Nxb6 Rc3+ 45.Kd1 e4 46.a4 e3 47.a5 d3 48.a6 bxa6 49.bxa6 e2+  0-1

[Event "DEN-ch"]
[Site "?"]
[Date "1988.??.??"]
[Round "7"]
[White "Kristiansen, Jens"]
[Black "Bjerring, Kai"]
[Result "1/2-1/2"]
[WhiteElo "2435"]
[BlackElo "2305"]

1.Nf3 c5 2.c4 Nf6 3.Nc3 d5 4.cxd5 Nxd5 5.d4 cxd4 6.Qxd4 Nxc3 7.Qxc3 Nc6 8.e4 Bg4
9.Bb5 Rc8 10.O-O a6 11.Ba4 b5 12.Bb3 e6 13.Ne5 Nd4 14.Qe3 Be2 15.Re1 f6 16.Rxe2 fxe5
17.Re1 Bc5 18.Qh3 Qf6 19.Be3 Rc6 20.Qh5+ g6 21.Qh6 Bf8 22.Qh3 Bb4 23.Rf1 Nxb3
24.axb3 O-O 25.Qg3 Be7 26.f3 Rd8 27.Qf2 Qf8 28.Rfd1 Rcd6 29.Rdc1 Rc8 30.Qg3 Rxc1+
31.Rxc1 Rd3 32.Bb6 Qf4 33.Qxf4 exf4 34.Rc7 Kf8 35.Rc8+ Kf7 36.Rc7 Ke8 37.Rc8+ Kd7
38.Rc7+ Ke8 39.Rc8+ Kd7 40.Rc7+  1/2-1/2

[Event "DEN-ch"]
[Site "?"]
[Date "1988.??.??"]
[Round "9"]
[White "Kristiansen, Jens"]
[Black "Hansen, Lars Bo"]
[Result "1-0"]
[WhiteElo "2435"]
[BlackElo "2365"]

1.Nf3 Nf6 2.c4 c5 3.Nc3 d5 4.cxd5 Nxd5 5.d4 cxd4 6.Qxd4 Nxc3 7.Qxc3 e6 8.e4 Nc6
9.Bb5 Bd7 10.O-O Qb6 11.Ba4 Qb4 12.Qc2 Qc5 13.Qe2 Qa5 14.Bb3 Be7 15.Rd1 Qc7
16.e5 O-O-O 17.Bf4 h6 18.Rac1 Kb8 19.a3 Bc8 20.Rxd8 Rxd8 21.Ba4 Bd7 22.b4 a6
23.Qe4 Be8 24.h3 Rd5 25.Qh7 g5 26.Be3 Qd8 27.Bxc6 Bxc6 28.Qxf7 Bd7 29.Qg6 Qf8
30.Qc2 Qd8 31.Qh7 Bf8 32.Qh8 Bc6 33.Nd4 Bd7 34.Nb3 Bc8 35.Bb6 Qe8 36.Bc7+ Ka8
37.Bd6 Rxd6 38.exd6 Bd7 39.Qe5 Bc6 40.Nc5 Qd8 41.Rd1 Bd5 42.Nxe6  1-0

[Event "DEN-chB"]
[Site "?"]
[Date "1988.??.??"]
[Round "6"]
[White "Davies, Nigel R"]
[Black "Schandorff, Lars"]
[Result "1/2-1/2"]
[WhiteElo "2450"]
[BlackElo "2400"]

1.Nf3 c5 2.c4 Nf6 3.Nc3 e6 4.g3 b6 5.Bg2 Bb7 6.O-O Be7 7.Re1 Ne4 8.Nxe4 Bxe4
9.d3 Bb7 10.e4 Nc6 11.d4 cxd4 12.Nxd4 Nxd4 13.Qxd4 O-O 14.b3 Bc5 15.Qd2 Qe7
16.a3 a5 17.Bb2 Bc6 18.Qd3 f6 19.Re2 Rab8 20.a4 Rbd8 21.Rd1 Qf7 22.Kh1 Qh5
23.f4 e5 24.f5 Qf7 25.h4 g5 26.g4 h6 27.Bf3 Kg7 28.Rh2 Rh8 29.Kg2 Qe7 30.Rh3 Rh7
31.Kf1 Rdh8 32.Rh2 Kf8 33.Ke2 Qg7 34.h5  1/2-1/2

[Event "Dieren op"]
[Site "Dieren"]
[Date "1988.??.??"]
[Round "8"]
[White "De Boer, Gert Jan"]
[Black "Small, Vernon A"]
[Result "1-0"]
[WhiteElo "2385"]
[BlackElo "2340"]

1.Nf3 Nf6 2.c4 c5 3.Nc3 e6 4.g3 b6 5.Bg2 Bb7 6.O-O Nc6 7.d4 Nxd4 8.Nxd4 Bxg2
9.Kxg2 cxd4 10.Qxd4 Be7 11.b3 O-O 12.Bb2 Qc7 13.e4 d6 14.Rae1 Rfd8 15.f3 a6
16.a4 Bf8 17.g4 Nd7 18.h4 Qc5 19.Qd1 Qb4 20.Re3 Ne5 21.Bc1 Nc6 22.g5 Na7
23.Bd2 Qc5 24.Rd3 Qc7 25.Be3 Nc6 26.h5 g6 27.h6 Rd7 28.Qe2 Be7 29.Qf2 Rb8
30.Rfd1 f6 31.Qg3 Rf8 32.gxf6 Bxf6 33.Rxd6 Rdf7 34.R6d3 Qxg3+ 35.Kxg3 Nb4
36.Bxb6 Nxd3 37.Rxd3 Bxc3 38.Rxc3 Rd7 39.b4 Rc8 40.b5 axb5 41.axb5 e5 42.c5 Rb7
43.Ra3 Rcb8 44.Ra6 Rd7 45.c6 Rd3 46.c7 Rf8 47.Bc5 Rdxf3+ 48.Kg2  1-0

[Event "Dortmund op"]
[Site "Dortmund"]
[Date "1988.??.??"]
[Round "?"]
[White "Busch, Raimund"]
[Black "Stangl, Markus"]
[Result "1-0"]
[WhiteElo "2370"]
[BlackElo "2385"]

1.Nf3 c5 2.c4 Nf6 3.Nc3 b6 4.g3 Bb7 5.Bg2 e6 6.O-O Be7 7.d4 cxd4 8.Nxd4 Bxg2
9.Kxg2 Qc8 10.Bf4 Qxc4 11.Rc1 O-O 12.e4 Qa4 13.Ndb5 Nxe4 14.Nc7 Nxc3 15.Qf3 Qxa2
16.Qxc3 Nc6 17.Ra1  1-0

[Event "Dortmund-B"]
[Site "Dortmund"]
[Date "1988.??.??"]
[Round "?"]
[White "Schmidt, Wlodzimierz"]
[Black "Martinovic, Slobodan"]
[Result "0-1"]
[WhiteElo "2440"]
[BlackElo "2460"]

1.Nf3 Nf6 2.c4 c5 3.Nc3 b6 4.e3 d6 5.d4 cxd4 6.exd4 e6 7.Bd3 Bb7 8.O-O Be7
9.Re1 Nbd7 10.a3 O-O 11.d5 e5 12.b4 Ne8 13.Nd2 f5 14.Nb3 g6 15.a4 Ng7 16.a5 Rf7
17.Bf1 Bf6 18.Nb5 Ne8 19.axb6 axb6 20.Rxa8 Qxa8 21.Bb2 Ba6 22.Qa1 Qb7 23.N3d4 Bxb5
24.Nxb5 e4 25.Bxf6 Ndxf6 26.Qd4 Qb8 27.Ra1 Rb7 28.Ra6 Nd7 29.Qa1 Nc7 30.Ra3 Qf8
31.Na7 Qf6 32.Nc6 Qxa1 33.Rxa1 Kf8 34.f3 e3 35.f4 b5 36.Nd8 Rb8 37.Ne6+ Nxe6
38.dxe6 Nb6 39.c5 dxc5 40.bxc5 Nd5 41.g3 b4 42.Bc4 Nc3 43.Bb3 Ne2+ 44.Kg2 Nd4
45.Bc4 b3 46.Rb1 b2  0-1

[Event "Dortmund-B"]
[Site "Dortmund"]
[Date "1988.??.??"]
[Round "?"]
[White "Schmidt, Wlodzimierz"]
[Black "Konikowski, Jerzy"]
[Result "0-1"]
[WhiteElo "2440"]
[BlackElo "2390"]

1.Nf3 Nf6 2.c4 c5 3.Nc3 e6 4.g3 b6 5.Bg2 Bb7 6.O-O d6 7.b3 Nbd7 8.Bb2 Be7
9.d4 O-O 10.d5 e5 11.e4 Ne8 12.Ne1 g6 13.Nd3 Ng7 14.Qd2 Bc8 15.f4 f6 16.Rf2 Rb8
17.Re1 a6 18.a4 Qc7 19.Bh3 exf4 20.gxf4 f5 21.e5 Bb7 22.Rfe2 Rbe8 23.a5 b5
24.Ra1 b4 25.Nd1 Qb8 26.N1f2 Bd8 27.Bg2 Bc7 28.Rae1 Bxa5 29.Ba1 Bd8 30.exd6 Rxe2
31.Rxe2 Qxd6 32.Ne5 Nf6 33.Nfd3 a5 34.Qe1 Ngh5 35.Qf2 Bb6 36.Bf3  0-1

[Event "Dortmund-B"]
[Site "Dortmund"]
[Date "1988.??.??"]
[Round "?"]
[White "Schmidt, Wlodzimierz"]
[Black "Makropoulos, Georgios"]
[Result "1-0"]
[WhiteElo "2440"]
[BlackElo "2460"]

1.Nf3 c5 2.c4 e6 3.Nc3 Nf6 4.g3 b6 5.Bg2 Bb7 6.d4 cxd4 7.Qxd4 d6 8.Bg5 Nbd7
9.Nb5 e5 10.Nxd6+ Bxd6 11.Qxd6 Ne4 12.Bxd8 Nxd6 13.Bg5 Nxc4 14.b3 Na3 15.Rc1 f6
16.Be3 Rc8 17.Rxc8+ Bxc8 18.O-O Ba6 19.Rc1 Kd8 20.Bh3 Bxe2 21.Nxe5 fxe5 22.Bg5+ Ke8
23.Rc8+ Kf7 24.Rxh8 Nf8 25.Bg2 Nc2 26.Bd5+ Ke8 27.Bd2 Bh5 28.Be4 Nd4 29.Bb4 Ne6
30.Bd5 Nc5 31.Bc3 Nd7 32.Bc6 Kf7 33.f4 exf4 34.Bxd7 Nxd7 35.Rxh7  1-0

[Event "Edinburgh op"]
[Site "Edinburgh"]
[Date "1988.??.??"]
[Round "2"]
[White "McKay, Roderick M"]
[Black "Peek, Marcel"]
[Result "1-0"]
[WhiteElo "2385"]
[BlackElo "2345"]

1.Nf3 Nf6 2.c4 c5 3.Nc3 e6 4.g3 d5 5.cxd5 exd5 6.d4 Nc6 7.Bg2 Be7 8.O-O O-O
9.Bg5 c4 10.Ne5 Be6 11.f4 Ng4 12.Nxg4 Bxg4 13.Bxe7 Nxe7 14.Qd2 Qd7 15.b3 Rac8
16.b4 Rfe8 17.Rae1 Rcd8 18.a3 Bh3 19.Bxh3 Qxh3 20.e4 dxe4 21.Rxe4 Nf5 22.Rxe8+ Rxe8
23.Re1 Rd8 24.d5 h5 25.Qg2 Qg4 26.Re4 Nd6 27.Re5 Qg6 28.Qe2 Qd3 29.Re3 Qd4
30.Kg2 b5 31.Kh3 Kf8 32.Qe1 g5 33.fxg5 Qg4+ 34.Kg2 Nf5 35.Re2 Nh4+ 36.Kh1 Nf3
37.Qf2 Nxg5 38.Qf6 Qf3+ 39.Qxf3 Nxf3 40.Kg2 Nd4 41.Rd2 Nb3 42.Rd1 a6 43.Kf3 Ke7
44.Kf4 Rg8 45.Kf5 Rg6 46.Ne4 Kd7 47.Ke5 Ke7 48.Rf1 Rh6 49.d6+ Ke8 50.Kd5 Re6
51.Nc5 Re2 52.Kc6 Nxc5 53.bxc5 Rd2 54.Kc7 a5 55.c6 b4 56.axb4 axb4 57.d7+ Ke7
58.d8=Q+ Rxd8 59.Re1+  1-0